| 000 | 00927nam a2200289 a 4500 | ||
|---|---|---|---|
| 005 | 20200104041528.0 | ||
| 008 | 140304b1995 nvua gr|||| 00| 0 eng d | ||
| 040 |
_aCO-BoIAVH _cCO-BoIAVH |
||
| 041 | _aeng | ||
| 044 | _axxu | ||
| 082 |
_a354.33 _bA51a |
||
| 090 |
_aLB _b01946 |
||
| 110 | 2 |
_914646 _aAmerican Society for Environmental History _bAmerican Society for Environmental History |
|
| 245 |
_aGambling with the environment _b8th biennial conference program |
||
| 260 |
_aLas Vegas _bASEH _c1995 |
||
| 300 |
_a60 paginas. _bilustraciones.; _c15 x 22 cm |
||
| 650 | 4 |
_aMedio ambiente _992195 |
|
| 650 | 4 |
_aMercadeo _952425 |
|
| 650 | 4 |
_aBiodiversidad _992204 |
|
| 650 | 4 |
_aConservación de biodiversidad _9345 |
|
| 650 | 4 |
_aUso del agua _952428 |
|
| 650 | 4 |
_aRestauración ecológica _952429 |
|
| 650 | 4 |
_aAgricultura _9304 |
|
| 650 | 4 |
_aCultura _952431 |
|
| 650 | 4 |
_aImpacto ambiental _992215 |
|
| 942 |
_cLIBRO _2ddc |
||
| 999 |
_c2113 _d2113 |
||